| 000 | 00593nam a2200205Ia 4500 | ||
|---|---|---|---|
| 005 | 20250508165138.0 | ||
| 008 | 008 250505s9999 xx 000 0 eng d | ||
| 020 | _a978-0-19-531288-1 | ||
| 037 | _aReference | ||
| 040 |
_aFEDL _beng _cFEDL |
||
| 041 |
_aeng _2eng |
||
| 084 |
_a370.1, OXF/RR _qFEDL |
||
| 100 |
_aSiegel Harvey Ed. _9779971 |
||
| 245 | 0 | _aOxford handbook of philosophy of education | |
| 260 |
_aNew Delhi, India _bOxford University Press _c2009 |
||
| 300 | _axiii,548p. | ||
| 365 |
_aINR _b4 |
||
| 942 |
_cREF _h370.1, OXF/RR |
||
| 999 |
_c1393411 _d1393411 |
||